000
00297nam a2200133Ia 4500
005
20251222154322.0
008
251222s9999||||xx |||||||||||||| ||spa||
020
_a
84-206-1678-8
082
_a
838.92/H48U
100
_a
"Hesse, Hermann"
245
0
_a
Cuentos 2
250
_a
4a.ed.
942
_c
LIB
999
_c
33817
_d
33817